Desať základných povinností platiteľa dane z pridanej hodnoty
Prvoradou povinnosťou platiteľa dane z pridanej hodnoty je uplatňovať k predmetným dodávkam daň z pridanej hodnoty a odvádzať ju štátu. V súvislosti s ňou sa však na postavenie platiteľa DPH vzťahuje celý rad ďalších, spravidla administratívnych povinností.
Salvato in:
| Autore principale: | |
|---|---|
| Natura: | Capitolo di libro |
| Lingua: | slovacco |
| Soggetti: | |
| Tags: |
Nessun Tag, puoi essere il primo ad aggiungerne!!
|
MARC
| LEADER | 00000naa a2200000 4500 | ||
|---|---|---|---|
| 001 | 0207100 | ||
| 005 | 20231208091155.7 | ||
| 041 | 0 | |a slo | |
| 044 | |a SK | ||
| 245 | 1 | 0 | |a Desať základných povinností platiteľa dane z pridanej hodnoty |c Peter Furmaník |
| 520 | |a Prvoradou povinnosťou platiteľa dane z pridanej hodnoty je uplatňovať k predmetným dodávkam daň z pridanej hodnoty a odvádzať ju štátu. V súvislosti s ňou sa však na postavenie platiteľa DPH vzťahuje celý rad ďalších, spravidla administratívnych povinností. | ||
| 610 | 2 | 0 | |a daňovníci |
| 610 | 2 | 0 | |a priznania daňové |
| 610 | 2 | 0 | |a dane z hodnoty pridanej |
| 100 | 1 | |a Furmaník, Peter | |